<?xml version="1.0" encoding="UTF-8"?>
<record
    xmlns:xsi="http://www.w3.org/2001/XMLSchema-instance"
    xsi:schemaLocation="http://www.loc.gov/MARC21/slim http://www.loc.gov/standards/marcxml/schema/MARC21slim.xsd"
    xmlns="http://www.loc.gov/MARC21/slim">

  <leader>02753nam a22003017a 4500</leader>
  <controlfield tag="001">431</controlfield>
  <controlfield tag="003">OSt</controlfield>
  <controlfield tag="005">20250625073119.0</controlfield>
  <controlfield tag="008">250624b        |||||||e |||| 00| 1 eng d</controlfield>
  <datafield tag="040" ind1=" " ind2=" ">
    <subfield code="b">por</subfield>
  </datafield>
  <datafield tag="041" ind1=" " ind2=" ">
    <subfield code="h">eng</subfield>
    <subfield code="a">por</subfield>
  </datafield>
  <datafield tag="082" ind1=" " ind2=" ">
    <subfield code="a">813</subfield>
    <subfield code="b">S544i</subfield>
  </datafield>
  <datafield tag="100" ind1="1" ind2=" ">
    <subfield code="a">Sheldon, Sidney,</subfield>
    <subfield code="d">1917-2007.</subfield>
    <subfield code="9">871</subfield>
  </datafield>
  <datafield tag="240" ind1=" " ind2=" ">
    <subfield code="a">Rage of Angels</subfield>
  </datafield>
  <datafield tag="245" ind1=" " ind2=" ">
    <subfield code="a">A ira dos anjos /</subfield>
    <subfield code="c">Sheldon, Sidney ; Tradu&#xE7;&#xE3;o de : A.B. Pinheiro de Lemos</subfield>
  </datafield>
  <datafield tag="260" ind1=" " ind2=" ">
    <subfield code="a">S&#xE3;o Paulo</subfield>
    <subfield code="b">C&#xED;rculo do Livro</subfield>
  </datafield>
  <datafield tag="300" ind1=" " ind2=" ">
    <subfield code="a">456 p.</subfield>
  </datafield>
  <datafield tag="520" ind1=" " ind2=" ">
    <subfield code="a">Jennifer Parker realiza seu sonho ao ingressar na equipe do Promotor Distrital de Manhattan, em Nova York. Sua carreira, no entanto, dura exatamente quatro horas - tempo que leva para cair em uma cilada, durante o primeiro julgamento do qual participa. Acusada de suborno, v&#xEA; seus projetos irem por &#xE1;gua abaixo: al&#xE9;m do risco de ter a carteira de advogada cassada. Jennifer pode passar o resto de seus dias na cadeia. Assim come&#xE7;a a hist&#xF3;ria de uma jovem bonita e inteligente e dos homens que influenciam sua vida, entre eles o &#xED;ntegro Adam Warner, destinado a ser um l&#xED;der de seu pa&#xED;s, e Michael Moretti, um anjo das trevas que procura espalhar suas asas de terror sobre tudo e todos. Considerada por muitos como a mais extraordin&#xE1;ria cria&#xE7;&#xE3;o de Sidney Sheldon.

Uma d&#xE9;cada depois, um assassino perigoso est&#xE1; &#xE0; solta nas ruas de Los Angeles. E j&#xE1; fez duas v&#xED;timas. Mas o &#xFA;nico elo em comum entre elas &#xE9; a psic&#xF3;loga Nikki Roberts. Nikki ainda est&#xE1; muito abalada com a recente morte do marido. E sua vida sofre outra reviravolta quando uma de suas pacientes, Lisa Flannagan, e o rapaz que Nikki considerava como filho, Treyvon Raymond, s&#xE3;o brutalmente assassinados. Mas, apenas quando sofre um atentado &#xE9; que a psic&#xF3;loga tem certeza de que ela &#xE9; o verdadeiro alvo desse assassino impiedoso.

Atormentada por um acontecimento do passado e vendo a pol&#xED;cia em um beco sem sa&#xED;da, Nikki contrata o detetive particular Derek Williams, um homem que n&#xE3;o tem medo de sujar as m&#xE3;os. Ele trabalhara no caso de Charlotte Clancy, mas agora, anos depois, encontra nas anota&#xE7;&#xF5;es de Nikki Roberts um nome que chama sua aten&#xE7;&#xE3;o, e essa nova investiga&#xE7;&#xE3;o o conduz a um caminho perigoso de volta ao passado. Numa cidade corrupta, onde n&#xE3;o se sabe quem &#xE9; inimigo e quem &#xE9; amigo, Nikki Roberts precisa correr contra o tempo para descobrir a verdade por tr&#xE1;s desses crimes antes que ela seja a pr&#xF3;xima v&#xED;tima.</subfield>
  </datafield>
  <datafield tag="650" ind1=" " ind2="0">
    <subfield code="a">Literatura Americana</subfield>
    <subfield code="9">84</subfield>
  </datafield>
  <datafield tag="650" ind1=" " ind2="0">
    <subfield code="a">Suspense</subfield>
    <subfield code="9">10</subfield>
  </datafield>
  <datafield tag="650" ind1=" " ind2="0">
    <subfield code="a">Ambi&#xE7;&#xE3;o e poder</subfield>
    <subfield code="9">934</subfield>
  </datafield>
  <datafield tag="650" ind1=" " ind2="0">
    <subfield code="a">Drama psicol&#xF3;gico</subfield>
    <subfield code="9">935</subfield>
  </datafield>
  <datafield tag="650" ind1=" " ind2="0">
    <subfield code="a">Romance Policial </subfield>
    <subfield code="9">11</subfield>
  </datafield>
  <datafield tag="655" ind1=" " ind2="0">
    <subfield code="a">Fic&#xE7;&#xE3;o </subfield>
    <subfield code="9">22</subfield>
  </datafield>
  <datafield tag="655" ind1=" " ind2="0">
    <subfield code="a">Romance</subfield>
    <subfield code="9">23</subfield>
  </datafield>
  <datafield tag="700" ind1=" " ind2=" ">
    <subfield code="a">A. B. Pinheiro de Lemos</subfield>
    <subfield code="e">Tradutor</subfield>
    <subfield code="9">109</subfield>
  </datafield>
  <datafield tag="942" ind1=" " ind2=" ">
    <subfield code="2">ddc</subfield>
    <subfield code="n">0</subfield>
    <subfield code="c">BK</subfield>
  </datafield>
  <datafield tag="952" ind1=" " ind2=" ">
    <subfield code="0">0</subfield>
    <subfield code="1">0</subfield>
    <subfield code="2">ddc</subfield>
    <subfield code="4">0</subfield>
    <subfield code="7">0</subfield>
    <subfield code="8">FIC</subfield>
    <subfield code="a">BIBIB</subfield>
    <subfield code="b">BIBIB</subfield>
    <subfield code="c">LE</subfield>
    <subfield code="d">2025-06-24</subfield>
    <subfield code="e">doa&#xE7;&#xE3;o</subfield>
    <subfield code="l">0</subfield>
    <subfield code="o">813 / S544i</subfield>
    <subfield code="p">2025-17362</subfield>
    <subfield code="r">2025-06-24 09:34:49</subfield>
    <subfield code="w">2025-06-24</subfield>
    <subfield code="y">BK</subfield>
  </datafield>
  <datafield tag="999" ind1=" " ind2=" ">
    <subfield code="c">431</subfield>
    <subfield code="d">431</subfield>
  </datafield>
</record>
